000
00293nam a22001337a 4500
008
171123b xxu||||| |||| 00| 0 eng d
020
_a
09722156003
041
_a
eng
080
_2
3 ED
_a
51
100
_a
37
101
_a
MAT
245
_a
ESSENTIAL PERIMETRY
_c
ANDERS.H
942
_2
udc
_c
BK
999
_c
38303
_d
38303